• 首页
  • 本馆介绍
  • 公告通知
  • 最新文献
  • 馆藏检索
  • 电子资源
  • 读者导购
  • 参考咨询
  • 我的图书馆
  • 登录
  • 详细信息显示
  • 放入我的书架
  • 预约/预借图书
  • 作者相关作品
  • 分类相关作品
  • 丛书相关作品
  • 出版社相关作品

书目信息

  • 表格格式
  • 工作单格式
  • 卡片格式
题名:
高中历史总复习与测试
    
 
作者: ;北京教育学院西城分院 主编
分册:  
出版信息: 北京   中国农业机械出版社  1985
页数: 412页
开本: 19cm
丛书名: 青年自学辅导丛书
单 册:
中图分类: G634.51 , G633.51
科图分类:
主题词: 历史课--高中--自学参考资料 , 教育--各级
电子资源:
ISBN:
000 00890nam2 2200301 45
001 0185003098
005 20040508151034.6
010    @dCNY2.35
091    @a7216.235
100    @a19950524d1985 em y0chiy0121 ea
101 0  @achi
102    @aCN@b110000
105    @ay zq 000yy
106    @ar
200 10 @a高中历史总复习与测试@Agao zhong li shi zong fu xi yu ce shi@f北京教育学院西城分院主编
210    @a北京@c中国农业机械出版社@d1985
215    @a412页@d19cm
225 2  @a青年自学辅导丛书
300    @a本丛书共8种
410  0 @120010@a青年自学辅导丛书
606    @a历史课@x高中@x自学参考资料
606 0  @a教育@x各级
690    @aG634.51@v3
690    @aG633.51
711 02 @a北京教育学院西城分院@Abei jing jiao yu xue yuan xi cheng fen yuan@4主编
801  0 @aCN@b深圳图书馆@c20040508
801  2 @aCN@bNLC@c20040508
905    @f1@b152173@f0@f1@b152175@dG633.51@e59
    
    高中历史总复习与测试/北京教育学院西城分院主编.-北京:中国农业机械出版社,1985
    412页;19cm.-(青年自学辅导丛书)
    本丛书共8种
    
    ISBN :CNY2.35
    
●
相关链接 在E读中查询图书 在五车中查询图书 在当当中查询图书 在豆瓣中查询图书


正题名:高中历史总复习与测试     索取号:G633.51/59         预约/预借

序号 登录号 条形码 馆藏地/架位号 状态 备注
1 0152173   000605624   第一样本阅览室/ [索取号:G633.51/59] 在馆    
2 0152175   000491337   密集书库/ [索取号:G633.51/59] 在馆    
唐山师范学院图书馆 欢迎您!
大连网信软件有限公司© 版权所有